000 00309nam a22001337a 4500
008 170322b xxu||||| |||| 00| 0 eng d
020 _a1853171247
041 _aeng
080 _a616.8
100 _a7
101 _aSHM
245 _aAN ATLAS OF IMAGING OF THE PARANASAL SINUSES
_cDUNITZ, M
942 _2udc
_cBK
999 _c8388
_d8388